Movies Quiz

Random Movies or University Quiz

Movie by College Quiz Stats

 Plays Quiz Updated Sep 30, 2016

Also try: Fictional Colleges
Challenge
Share
Tweet
Embed
Score 0/21 Timer 07:00
1 Play Today
School Movie % Correct
Harvard UniversityLegally Blonde
86.4%
Massachusetts Institute of TechnologyGood Will Hunting
80.2%
University of Notre DameRudy
74.5%
Marshall UniversityWe Are Marshall
70.8%
South Central Louisiana State UniversityWaterboy
66.6%
South Harmon Institute of TechnologyAccepted
58%
Coolidge CollegeVan Wilder
56.8%
Atlanta A&T UniversityDrumline
55.1%
Harrison UniversityOld School
54.8%
Faber CollegeAnimal House
48.8%
University Of IthacaRoad Trip
42.2%
School Movie % Correct
Grand Lakes UniversityBack to School
39.8%
Port Chester UniversityPCU
22.9%
Western UniversityBlue Chips
22.6%
Texas WesternGlory Road
22.3%
Adams CollegeRevenge of the Nerds
19%
Eastern State UniversityThe Program
15.1%
Daleman CollegeDead Man On Campus
11.1%
Camden CollegeRules of Attraction
8.4%
Holden UniversitySlackers
5.5%
Fieldmont UniversityCollege
3.4%

You're not logged in!

Compare scores with friends on all Sporcle quizzes.
Join for Free
OR
Log In

You Might Also Like...

Show Comments

Extras

Top Quizzes Today


Score Distribution

Your Account Isn't Verified!

In order to create a playlist on Sporcle, you need to verify the email address you used during registration. Go to your Sporcle Settings to finish the process.

Report this User

Report this user for behavior that violates our Community Guidelines.

Details: